000 00284nam a22001097a 4500
008 170110b xxu||||| |||| 00| 0 eng d
020 _a9780805378627
041 _aeng
080 _23RD
_a618.2
245 _aEFFECTIVE MANAGEMENT IN NURSING
_cSULLIVAN, E.J & DECKER, P.J
942 _2udc
_cBK
999 _c2667
_d2667